<?xml version="1.0" encoding="UTF-8"?>
<record
    xmlns:xsi="http://www.w3.org/2001/XMLSchema-instance"
    xsi:schemaLocation="http://www.loc.gov/MARC21/slim http://www.loc.gov/standards/marcxml/schema/MARC21slim.xsd"
    xmlns="http://www.loc.gov/MARC21/slim">

  <leader>01293nam a2200337 i 4500</leader>
  <controlfield tag="001">192100</controlfield>
  <controlfield tag="003">ES-MaACL</controlfield>
  <controlfield tag="005">20240201063038.0</controlfield>
  <controlfield tag="008">221104b1987    sp            001 0 spa</controlfield>
  <datafield tag="017" ind1=" " ind2=" ">
    <subfield code="a">TF 1921-1987</subfield>
    <subfield code="b">Oficina Dep&#xF3;sito Legal Tenerife</subfield>
  </datafield>
  <datafield tag="020" ind1=" " ind2=" ">
    <subfield code="a">8486733049</subfield>
  </datafield>
  <datafield tag="040" ind1=" " ind2=" ">
    <subfield code="c">ES-MaACL</subfield>
  </datafield>
  <datafield tag="080" ind1=" " ind2=" ">
    <subfield code="a">398.332(649)</subfield>
  </datafield>
  <datafield tag="080" ind1=" " ind2=" ">
    <subfield code="a">39(649)</subfield>
  </datafield>
  <datafield tag="100" ind1="1" ind2=" ">
    <subfield code="a">Galv&#xE1;n Tudela, Alberto.</subfield>
    <subfield code="9">53692</subfield>
    <subfield code="e">aut</subfield>
  </datafield>
  <datafield tag="245" ind1="1" ind2="4">
    <subfield code="a">Las fiestas populares canarias / </subfield>
    <subfield code="c">Alberto Galv&#xE1;n Tudela ; pr&#xF3;logo de William A. Christian Jr.</subfield>
  </datafield>
  <datafield tag="260" ind1=" " ind2=" ">
    <subfield code="a">Santa Cruz de Tenerife : </subfield>
    <subfield code="b">Interinsular :</subfield>
    <subfield code="b">Ediciones Canarias, </subfield>
    <subfield code="c">1987</subfield>
  </datafield>
  <datafield tag="300" ind1=" " ind2=" ">
    <subfield code="a">204 p&#xE1;ginas, [8] p&#xE1;ginas de l&#xE1;minas (color) ; </subfield>
    <subfield code="c">19 cm.</subfield>
  </datafield>
  <datafield tag="490" ind1="1" ind2=" ">
    <subfield code="a">Biblioteca canaria de ciencias sociales ;</subfield>
    <subfield code="v">2</subfield>
  </datafield>
  <datafield tag="500" ind1=" " ind2=" ">
    <subfield code="a">&#xCD;ndice</subfield>
  </datafield>
  <datafield tag="504" ind1=" " ind2=" ">
    <subfield code="a">Bibliograf&#xED;a: p&#xE1;ginas 197-201</subfield>
  </datafield>
  <datafield tag="650" ind1=" " ind2="4">
    <subfield code="a">Fiestas-</subfield>
    <subfield code="z">Canarias.</subfield>
    <subfield code="9">175716</subfield>
  </datafield>
  <datafield tag="651" ind1=" " ind2="4">
    <subfield code="a">Canarias-</subfield>
    <subfield code="x">Usos y costumbres.</subfield>
    <subfield code="9">152161</subfield>
  </datafield>
  <datafield tag="700" ind1="1" ind2=" ">
    <subfield code="9">234916</subfield>
    <subfield code="a">Christian, William A.,</subfield>
    <subfield code="d">1944-</subfield>
    <subfield code="e">aui</subfield>
  </datafield>
  <datafield tag="830" ind1=" " ind2="0">
    <subfield code="9">234981</subfield>
    <subfield code="a">Biblioteca canaria de ciencias sociales ;</subfield>
    <subfield code="v">2</subfield>
  </datafield>
  <datafield tag="852" ind1="4" ind2=" ">
    <subfield code="a">ES-MaACL</subfield>
    <subfield code="j">N-8078    </subfield>
    <subfield code="h">Donaci&#xF3;n: Jos&#xE9; L&#xE1;zaro Garc&#xED;a</subfield>
    <subfield code="c">DEPOJ</subfield>
    <subfield code="b">R. 152494</subfield>
    <subfield code="9">199382</subfield>
  </datafield>
  <datafield tag="903" ind1=" " ind2=" ">
    <subfield code="9">234219</subfield>
    <subfield code="a">L&#xE1;zaro Garc&#xED;a, Jos&#xE9;</subfield>
    <subfield code="e">dnr</subfield>
  </datafield>
  <datafield tag="942" ind1=" " ind2=" ">
    <subfield code="c">MONOGRAFIA</subfield>
    <subfield code="n">0</subfield>
  </datafield>
  <datafield tag="999" ind1=" " ind2=" ">
    <subfield code="c">192100</subfield>
    <subfield code="d">192100</subfield>
  </datafield>
  <datafield tag="952" ind1=" " ind2=" ">
    <subfield code="0">0</subfield>
    <subfield code="1">0</subfield>
    <subfield code="2">udc</subfield>
    <subfield code="4">0</subfield>
    <subfield code="7">0</subfield>
    <subfield code="a">ATENEOM</subfield>
    <subfield code="b">ATENEOM</subfield>
    <subfield code="c">DEPOJ</subfield>
    <subfield code="d">2022-11-04</subfield>
    <subfield code="e">DONACION</subfield>
    <subfield code="l">0</subfield>
    <subfield code="o">N-8078</subfield>
    <subfield code="p">101206521</subfield>
    <subfield code="r">2023-02-23 00:00:00</subfield>
    <subfield code="y">MONOGRAFIA</subfield>
  </datafield>
</record>
